Flags in DFH Stadium - Rocket League - Statistics

General Stats
  • This quiz has been taken 11 times
  • The average score is 43 of 48
Answer Stats
Picture Answer % Correct
Argentina
100%
Australia
100%
Belgium
100%
Brazil
100%
Canada
100%
Chile
100%
China
100%
Algeria
90%
Austria
90%
Bosnia
90%
Cameroon
90%
Colombia
90%
Croatia
90%
England
90%
Finland
90%
France
90%
Germany
90%
India
90%
Ireland
90%
Italy
90%
Jamaica
90%
Japan
90%
Mexico
90%
Netherlands
90%
Nigeria
90%
Norway
90%
Poland
90%
Portugal
90%
Russia
90%
South Africa
90%
South Korea
90%
Spain
90%
Sweden
90%
Switzerland
90%
Ukraine
90%
United States
90%
Uruguay
90%
Wales
90%
Costa Rica
80%
Denmark
80%
Ecuador
80%
Ghana
80%
Honduras
80%
Iran
80%
Ivory Coast
80%
Czech Republic
70%
Isle of Man
70%
Yemen
70%
No matching quizzes found
Score Distribution
Percent of People with Each Score
Percentile by Number Answered
Your Score History
You have not taken this quiz